[Event "18. Obert Int. Sant Marti 2016 - B"]
[Site "Barcelona ESP"]
[Date "2016.07.20"]
[Round "8.3"]
[White "Bieg Pagel, Clemens"]
[Black "Minko, Dmitry"]
[Result "0-1"]
[WhiteElo "1866"]
[BlackElo "1884"]
[PlyCount "66"]
[EventDate "2016.07.13"]
[EventType "swiss"]
[EventRounds "9"]
[EventCountry "ESP"]
[SourceTitle "Ajedrez en Madrid"]
[Source "lmi"]
[SourceDate "2016.07.13"]
[SourceVersion "1"]
[SourceVersionDate "2019.06.21"]
[SourceQuality "1"]

1. e4 e5 2. Nf3 Nc6 3. Nc3 Nf6 4. Bb5 Nd4 5. Bc4 Nxf3+ 6. gxf3 Bc5 7. Rg1 Nh5
8. d4 Bxd4 9. Ne2 Bb6 10. Rg5 Qe7 11. Rxh5 Qb4+ 12. Bd2 Qxc4 13. Rxe5+ Kf8 14.
Bc3 f6 15. Rd5 d6 16. Nf4 Qc6 17. Qd2 Qe8 18. O-O-O Be6 19. Rg1 Bf7 20. Rf5 Rg8
21. Nd5 Bxd5 22. exd5 Qf7 23. Rg4 Ke7 24. Re4+ Kd7 25. Qe2 Rae8 26. a4 a6 27.
a5 Ba7 28. Qc4 Qg6 29. Rff4 Qg1+ 30. Be1 Bxf2 31. Rg4 Rxe4 32. Rxe4 Bxe1 33.
Qe2 Bxa5+ 0-1

[Event "18. Obert Int. Sant Marti 2016 - B"]
[Site "Barcelona ESP"]
[Date "2016.07.20"]
[Round "8.4"]
[White "Elizondo Marquet, Juan Marcos"]
[Black "Ji, Pablo"]
[Result "1-0"]
[WhiteElo "1870"]
[BlackElo "1606"]
[PlyCount "159"]
[EventDate "2016.07.13"]
[EventType "swiss"]
[EventRounds "9"]
[EventCountry "ESP"]
[SourceTitle "Ajedrez en Madrid"]
[Source "lmi"]
[SourceDate "2016.07.13"]
[SourceVersion "1"]
[SourceVersionDate "2019.06.21"]
[SourceQuality "1"]

1. e4 c5 2. Nf3 d6 3. Nc3 Nc6 4. d4 cxd4 5. Nxd4 Nf6 6. Bc4 g6 7. h3 Bg7 8. Nf3
O-O 9. O-O b6 10. Re1 Bb7 11. Bg5 Rc8 12. Qd2 Na5 13. Bb3 Nc4 14. Bxc4 Rxc4 15.
e5 Ne4 16. Nxe4 Bxe4 17. exd6 Bf6 18. Bxf6 exf6 19. Nd4 Bd5 20. b3 Rc5 21. c4
Bxc4 22. bxc4 Qxd6 23. Nb3 Qxd2 24. Nxd2 Rd8 25. Re2 b5 26. Rc1 bxc4 27. Nxc4
h5 28. Rec2 Kg7 29. Ne3 Ra5 30. Rb1 Ra4 31. Rb7 a6 32. Rb6 f5 33. g3 Rd7 34.
Rcb2 a5 35. R6b5 Rc7 36. Nd5 Rc1+ 37. Kg2 Ra3 38. R5b3 Ra4 39. Nb6 Re4 40. Rb5
h4 41. gxh4 a4 42. Ra5 Rxh4 43. Rxa4 Rh8 44. Rab4 Rc3 45. R2b3 Rc2 46. a4 Rb8
47. a5 Ra2 48. Rb5 Rb7 49. Nc4 Ra7 50. Rb7 Ra6 51. R7b6 Ra7 52. Rb7 Ra6 53.
R3b6 Ra8 54. Rc6 Re8 55. Rb2 Ra4 56. a6 Ra8 57. Rbb6 Ra7 58. Nd6 Ra2 59. Nc8
Rd7 60. Rc3 Rdd2 61. Rf3 Rdc2 62. Nd6 Rd2 63. Nb5 Rdb2 64. a7 Rxa7 65. Nxa7
Rxb6 66. Rc3 Rb7 67. Nc8 Rd7 68. Nb6 Rb7 69. Nd5 Rd7 70. Rc5 Rd6 71. Kg3 f6 72.
Kf4 Re6 73. f3 Re5 74. Rc7+ Kf8 75. Nxf6 Re1 76. h4 Rh1 77. Rh7 Rh3 78. h5 gxh5
79. Rxh5 Rxh5 80. Nxh5 1-0

[Event "18. Obert Int. Sant Marti 2016 - B"]
[Site "Barcelona ESP"]
[Date "2016.07.20"]
[Round "8.5"]
[White "Cardenas, Fernando Adrian"]
[Black "Fernandez Egea, Andres"]
[Result "1-0"]
[WhiteElo "1943"]
[BlackElo "1886"]
[PlyCount "63"]
[EventDate "2016.07.13"]
[EventType "swiss"]
[EventRounds "9"]
[EventCountry "ESP"]
[SourceTitle "Ajedrez en Madrid"]
[Source "lmi"]
[SourceDate "2016.07.13"]
[SourceVersion "1"]
[SourceVersionDate "2019.06.21"]
[SourceQuality "1"]

1. Nf3 Nf6 2. d4 g6 3. g3 Bg7 4. Bg2 d6 5. O-O O-O 6. c4 c6 7. Nc3 a6 8. a4 a5
9. e4 Nfd7 10. Be3 Na6 11. Qe2 Nb4 12. Rad1 Qc7 13. Nh4 e5 14. d5 c5 15. Nb5
Qb8 16. f4 exf4 17. gxf4 f6 18. Bh3 Re8 19. Be6+ Kf8 20. f5 Ne5 21. fxg6 Bxe6
22. dxe6 hxg6 23. Rxd6 b6 24. Bf4 Kg8 25. Bxe5 fxe5 26. Nxg6 Ra7 27. Qg4 Nc2
28. e7 Rexe7 29. Nxe7+ Rxe7 30. Rf3 Nd4 31. Rg3 Nxb5 32. Rg6 1-0

[Event "18. Obert Int. Sant Marti 2016 - B"]
[Site "Barcelona ESP"]
[Date "2016.07.20"]
[Round "8.6"]
[White "Valarezzo Ricard, Pedro"]
[Black "Minguell Soler, Joan"]
[Result "1/2-1/2"]
[WhiteElo "1887"]
[BlackElo "1942"]
[PlyCount "113"]
[EventDate "2016.07.13"]
[EventType "swiss"]
[EventRounds "9"]
[EventCountry "ESP"]
[SourceTitle "Ajedrez en Madrid"]
[Source "lmi"]
[SourceDate "2016.07.13"]
[SourceVersion "1"]
[SourceVersionDate "2019.06.21"]
[SourceQuality "1"]

1. d4 g6 2. Nf3 Bg7 3. Bf4 d6 4. c3 Nd7 5. e3 Ngf6 6. Be2 Nh5 7. Bg5 h6 8. Bh4
g5 9. Bg3 Nxg3 10. hxg3 Nf6 11. Nbd2 Bf5 12. Qb3 Qc8 13. Bc4 O-O 14. O-O b6 15.
Rfe1 Ne4 16. Bd5 Nxd2 17. Nxd2 c6 18. Bf3 Qc7 19. Qa4 Bd7 20. Qc2 f5 21. Bh5 e5
22. Nf3 g4 23. Nh4 Rf6 24. dxe5 dxe5 25. Rad1 Be6 26. Rd2 f4 27. exf4 exf4 28.
gxf4 Qxf4 29. g3 Qg5 30. Bg6 Bd5 31. Rde2 Rd6 32. Re8+ Rxe8 33. Rxe8+ Bf8 34.
Bh7+ Kf7 35. Re3 Rf6 36. c4 Bf3 37. Qd2 Rd6 38. Nxf3 Rxd2 39. Nxg5+ hxg5 40.
Re5 Bc5 41. Rxg5 Bxf2+ 42. Kf1 Rxb2 43. a4 Bxg3 44. Rxg4 Bd6 45. Bg8+ Kf6 46.
Re4 Be5 47. Rh4 Kg5 48. Rh7 a5 49. Rb7 Kf4 50. Be6 Kf3 51. Rf7+ Bf4 52. Bf5 Ra2
53. Re7 Be3 54. Be4+ Kf4 55. Bxc6 Bc5 56. Re4+ Kg3 57. Re2 1/2-1/2

[Event "18. Obert Int. Sant Marti 2016 - B"]
[Site "Barcelona ESP"]
[Date "2016.07.20"]
[Round "8.7"]
[White "Palacios Pena, Gerardo"]
[Black "Serra Vilaro, Agustin"]
[Result "1-0"]
[WhiteElo "1903"]
[BlackElo "1829"]
[PlyCount "61"]
[EventDate "2016.07.13"]
[EventType "swiss"]
[EventRounds "9"]
[EventCountry "ESP"]
[SourceTitle "Ajedrez en Madrid"]
[Source "lmi"]
[SourceDate "2016.07.13"]
[SourceVersion "1"]
[SourceVersionDate "2019.06.21"]
[SourceQuality "1"]

1. d4 e6 2. Nc3 d5 3. e4 Nf6 4. Bd3 Be7 5. exd5 exd5 6. h3 Nbd7 7. Nf3 O-O 8.
O-O c6 9. Re1 h6 10. Bf4 Re8 11. Ne5 Nxe5 12. dxe5 Nh7 13. Qh5 Nf8 14. Rad1 Bg5
15. Bg3 Bd7 16. f4 g6 17. Qf3 Bh4 18. Ne2 Bxg3 19. Nxg3 Qh4 20. c3 Re7 21. Re2
Rae8 22. Rde1 f5 23. exf6 Qxf6 24. Rxe7 Rxe7 25. Rxe7 Qxe7 26. f5 Qf6 27. Qf4
Qg5 28. Qxg5 hxg5 29. fxg6 Kg7 30. Nh5+ Kg8 31. g7 1-0

[Event "18. Obert Int. Sant Marti 2016 - B"]
[Site "Barcelona ESP"]
[Date "2016.07.20"]
[Round "8.8"]
[White "Esteban Lupianez, Jose Miguel"]
[Black "Palomero Galvez, Antonio"]
[Result "1/2-1/2"]
[WhiteElo "1715"]
[BlackElo "1593"]
[PlyCount "64"]
[EventDate "2016.07.13"]
[EventType "swiss"]
[EventRounds "9"]
[EventCountry "ESP"]
[SourceTitle "Ajedrez en Madrid"]
[Source "lmi"]
[SourceDate "2016.07.13"]
[SourceVersion "1"]
[SourceVersionDate "2019.06.21"]
[SourceQuality "1"]

1. e4 c5 2. Nf3 d6 3. d4 cxd4 4. Nxd4 Nf6 5. Nc3 g6 6. Be3 Nc6 7. Qd2 h5 8.
O-O-O Bg7 9. h3 Bd7 10. f4 a6 11. Nb3 b5 12. Bd3 Qc7 13. Kb1 h4 14. Qf2 Rb8 15.
g4 hxg3 16. Qxg3 Nh5 17. Qe1 e6 18. f5 gxf5 19. exf5 b4 20. Nd5 Qd8 21. fxe6
Bxe6 22. Bc4 Be5 23. Nd4 Na5 24. b3 Ng3 25. Rg1 Ne4 26. Rd3 Nxc4 27. Nxe6 Na3+
28. Kc1 fxe6 29. Nxb4 Qf6 30. Rf1 Bf4 31. c3 Nxc3 32. Rxf4 Nxa2+ 1/2-1/2

[Event "18. Obert Int. Sant Marti 2016 - B"]
[Site "Barcelona ESP"]
[Date "2016.07.20"]
[Round "8.9"]
[White "Hinarejos Montano, Andres"]
[Black "Vicente Soriano, Josep"]
[Result "1/2-1/2"]
[WhiteElo "1620"]
[BlackElo "1757"]
[PlyCount "52"]
[EventDate "2016.07.13"]
[EventType "swiss"]
[EventRounds "9"]
[EventCountry "ESP"]
[SourceTitle "Ajedrez en Madrid"]
[Source "lmi"]
[SourceDate "2016.07.13"]
[SourceVersion "1"]
[SourceVersionDate "2019.06.21"]
[SourceQuality "1"]

1. d4 Nf6 2. Nf3 g6 3. e3 Bg7 4. c4 d6 5. Bd3 O-O 6. O-O Nbd7 7. Nc3 Re8 8. e4
e5 9. d5 Nc5 10. h3 Rf8 11. Bc2 a5 12. Be3 Bd7 13. Bxc5 dxc5 14. Nxe5 Qe7 15.
Nxd7 Nxd7 16. Qd2 Nb6 17. b3 a4 18. Rab1 axb3 19. axb3 Qe5 20. Ne2 Ra2 21. f4
Qxe4 22. Bxe4 Rxd2 23. Bf3 Ra8 24. Rbd1 Rxd1 25. Rxd1 Ra1 26. Ng3 Rxd1+ 1/2-1/2

[Event "18. Obert Int. Sant Marti 2016 - B"]
[Site "Barcelona ESP"]
[Date "2016.07.20"]
[Round "8.10"]
[White "Khudov, Oleksandr"]
[Black "Costa Trave, Jaume"]
[Result "0-1"]
[WhiteElo "1847"]
[BlackElo "1902"]
[PlyCount "78"]
[EventDate "2016.07.13"]
[EventType "swiss"]
[EventRounds "9"]
[EventCountry "ESP"]
[SourceTitle "Ajedrez en Madrid"]
[Source "lmi"]
[SourceDate "2016.07.13"]
[SourceVersion "1"]
[SourceVersionDate "2019.06.21"]
[SourceQuality "1"]

1. c4 c6 2. d4 d5 3. cxd5 cxd5 4. Bf4 Nc6 5. Nc3 Nf6 6. e3 a6 7. Nf3 e6 8. a3
Bd6 9. Bxd6 Qxd6 10. Bd3 b5 11. O-O Na5 12. b4 Nc4 13. Bxc4 dxc4 14. e4 Nd7 15.
d5 e5 16. Qc2 O-O 17. a4 Rb8 18. axb5 axb5 19. Qb2 f5 20. Nd2 Nf6 21. f3 Nh5
22. g3 f4 23. g4 Qg6 24. Kf2 Nf6 25. Ke2 Nxg4 26. fxg4 Bxg4+ 27. Ke1 Qh5 28.
Rf2 Qh3 29. Nf1 Rfc8 30. Kd2 Qd3+ 31. Kc1 Ra8 32. Rb1 Ra6 33. Qc2 Qh3 34. Kb2
Rca8 35. Nd2 Qe3 36. Nf1 Qd4 37. Qd2 Ra2+ 38. Kc1 Rxd2 39. Rxd2 Qxc3+ 0-1

[Event "18. Obert Int. Sant Marti 2016 - B"]
[Site "Barcelona ESP"]
[Date "2016.07.20"]
[Round "8.11"]
[White "Martos Martin, Josep Angel"]
[Black "Khachatryan, Tigran V."]
[Result "1/2-1/2"]
[WhiteElo "1981"]
[BlackElo "1936"]
[PlyCount "45"]
[EventDate "2016.07.13"]
[EventType "swiss"]
[EventRounds "9"]
[EventCountry "ESP"]
[SourceTitle "Ajedrez en Madrid"]
[Source "lmi"]
[SourceDate "2016.07.13"]
[SourceVersion "1"]
[SourceVersionDate "2019.06.21"]
[SourceQuality "1"]

1. e4 c5 2. Ne2 e6 3. g3 Qc7 4. Bg2 Nf6 5. d3 Be7 6. Nbc3 a6 7. O-O Nc6 8. a4
O-O 9. Nf4 Rb8 10. Nh5 b5 11. axb5 axb5 12. Be3 Nb4 13. Nxf6+ Bxf6 14. Qd2 Rd8
15. Bg5 Bxg5 16. Qxg5 Nxc2 17. Ra7 Bb7 18. e5 Re8 19. Ne4 Nd4 20. Rxb7 Rxb7 21.
Nf6+ Kf8 22. Nxh7+ Kg8 23. Nf6+ 1/2-1/2

[Event "18. Obert Int. Sant Marti 2016 - B"]
[Site "Barcelona ESP"]
[Date "2016.07.20"]
[Round "8.12"]
[White "Andreu Termes, Frederic"]
[Black "Ramal Mata, Rodrigo"]
[Result "0-1"]
[WhiteElo "1870"]
[BlackElo "1948"]
[PlyCount "152"]
[EventDate "2016.07.13"]
[EventType "swiss"]
[EventRounds "9"]
[EventCountry "ESP"]
[SourceTitle "Ajedrez en Madrid"]
[Source "lmi"]
[SourceDate "2016.07.13"]
[SourceVersion "1"]
[SourceVersionDate "2019.06.21"]
[SourceQuality "1"]

1. c4 c5 2. g3 Nc6 3. Bg2 g6 4. Nc3 Bg7 5. a3 e5 6. e4 d6 7. d3 Nge7 8. Be3 O-O
9. Nge2 Be6 10. O-O Qd7 11. Rb1 a5 12. Nd5 Bxd5 13. cxd5 Na7 14. Qd2 b5 15. f4
Nac8 16. f5 f6 17. h4 Nb6 18. Kh2 b4 19. Bh3 gxf5 20. Bxf5 Nxf5 21. Rxf5 Nxd5
22. Bh6 Ne7 23. Rf3 Ng6 24. Rbf1 Bxh6 25. Qxh6 Qg7 26. Qe3 bxa3 27. bxa3 Rab8
28. h5 Ne7 29. g4 Qg5 30. Qg1 Rb2 31. R1f2 Rb3 32. a4 Kg7 33. Qe1 Rb4 34. Nc3
d5 35. Nb5 dxe4 36. dxe4 Qh4+ 37. Rh3 Qg5 38. Nc7 Kf7 39. Qa1 Rxe4 40. Qa2+ c4
41. Nb5 Rf4 42. Nd6+ Kg8 43. Rg2 Qg7 44. g5 fxg5 45. h6 Qg6 46. Nxc4 Qe6 47.
Nxe5 Qxa2 48. Rxa2 Rf2+ 49. Rxf2 Rxf2+ 50. Kg1 Re2 51. Nc4 Re4 52. Nd6 Rd4 53.
Nb7 Kf7 54. Nxa5 Rxa4 55. Nb7 Nf5 56. Nc5 Rg4+ 57. Kf2 Kg6 58. Nd7 Rf4+ 59. Ke2
Nxh6 60. Ne5+ Kg7 61. Kd3 Ra4 62. Nc4 Nf7 63. Rg3 h6 64. Kc3 Ra6 65. Kd4 Ra4
66. Kc5 Kg6 67. Rb3 Ra6 68. Nb6 g4 69. Re3 Ra5+ 70. Kd4 Kg5 71. Nc4 Ra4 72. Re7
Nd6 73. Kc5 Rxc4+ 74. Kxd6 h5 75. Kd5 Ra4 76. Rg7+ Kf4 0-1

[Event "18. Obert Int. Sant Marti 2016 - B"]
[Site "Barcelona ESP"]
[Date "2016.07.20"]
[Round "8.13"]
[White "Parayre Soguero, Jordi"]
[Black "Abarca Garcia, Xavier"]
[Result "1-0"]
[WhiteElo "1918"]
[BlackElo "1864"]
[PlyCount "65"]
[EventDate "2016.07.13"]
[EventType "swiss"]
[EventRounds "9"]
[EventCountry "ESP"]
[SourceTitle "Ajedrez en Madrid"]
[Source "lmi"]
[SourceDate "2016.07.13"]
[SourceVersion "1"]
[SourceVersionDate "2019.06.21"]
[SourceQuality "1"]

1. d4 e6 2. Nf3 Nf6 3. c4 Bb4+ 4. Bd2 a5 5. a3 Bxd2+ 6. Qxd2 d6 7. Nc3 Nbd7 8.
g3 O-O 9. Bg2 Re8 10. O-O e5 11. Rac1 exd4 12. Nxd4 a4 13. Rfd1 Nc5 14. Qc2 Qe7
15. Nd5 Nxd5 16. cxd5 Bd7 17. e4 b6 18. f4 Qf6 19. Rd2 Ra5 20. Re1 Bb5 21. e5
dxe5 22. Nxb5 Rxb5 23. d6 Rc8 24. fxe5 Qg6 25. dxc7 Ne6 26. Red1 Qxc2 27. Rxc2
Kf8 28. Rd7 Rc5 29. Rxc5 bxc5 30. Bd5 Nxc7 31. Rxf7+ Ke8 32. Bc4 Rd8 33. Rxc7
1-0

[Event "18. Obert Int. Sant Marti 2016 - B"]
[Site "Barcelona ESP"]
[Date "2016.07.20"]
[Round "8.14"]
[White "Ritter Aguilar, Jordi"]
[Black "Riera Danes, Manel"]
[Result "0-1"]
[WhiteElo "1868"]
[BlackElo "1916"]
[PlyCount "46"]
[EventDate "2016.07.13"]
[EventType "swiss"]
[EventRounds "9"]
[EventCountry "ESP"]
[SourceTitle "Ajedrez en Madrid"]
[Source "lmi"]
[SourceDate "2016.07.13"]
[SourceVersion "1"]
[SourceVersionDate "2019.06.21"]
[SourceQuality "1"]

1. e4 c5 2. Nf3 Nc6 3. c3 Nf6 4. Qc2 e5 5. g3 Be7 6. Bg2 O-O 7. O-O d6 8. h3 h6
9. d3 Be6 10. Re1 b5 11. Be3 b4 12. Nbd2 d5 13. d4 cxd4 14. cxd4 Rc8 15. Qa4
exd4 16. Nxd4 Nxd4 17. Bxd4 dxe4 18. Bxf6 Bxf6 19. Nxe4 Bxb2 20. Rad1 Qb6 21.
Rd6 Qb8 22. Red1 b3 23. a3 Be5 0-1

[Event "18. Obert Int. Sant Marti 2016 - B"]
[Site "Barcelona ESP"]
[Date "2016.07.20"]
[Round "8.15"]
[White "Ramos Alvarez, Maximo"]
[Black "Carrey Abellan, Enric"]
[Result "0-1"]
[WhiteElo "1843"]
[BlackElo "1911"]
[PlyCount "102"]
[EventDate "2016.07.13"]
[EventType "swiss"]
[EventRounds "9"]
[EventCountry "ESP"]
[SourceTitle "Ajedrez en Madrid"]
[Source "lmi"]
[SourceDate "2016.07.13"]
[SourceVersion "1"]
[SourceVersionDate "2019.06.21"]
[SourceQuality "1"]

1. d4 Nf6 2. c4 c5 3. d5 b5 4. cxb5 a6 5. bxa6 g6 6. Nc3 Bxa6 7. e4 Bxf1 8.
Kxf1 d6 9. Nf3 Bg7 10. g3 Nbd7 11. Kg2 O-O 12. Qe2 Qc7 13. Nb5 Qb6 14. a4 Rfb8
15. Nd2 Ne8 16. Nc4 Qb7 17. Bd2 Ne5 18. Nxe5 Bxe5 19. Bc3 Bf6 20. Rhb1 Qd7 21.
Bxf6 Nxf6 22. b4 cxb4 23. Rxb4 Qd8 24. Rc1 Nd7 25. Rcb1 Nc5 26. Nc3 Rxb4 27.
Rxb4 Qa5 28. Qb5 Qc7 29. Qc6 Qa7 30. Rb6 Qa5 31. Rb5 Qd8 32. f4 Nxa4 33. Nxa4
Rxa4 34. Rb7 Rxe4 35. Ra7 Rb4 36. Rd7 Qb6 37. Rxe7 Qxc6 38. dxc6 Rc4 39. c7 Kg7
40. Kf3 Kf6 41. Re8 Rxc7 42. Ke4 Re7+ 43. Rxe7 Kxe7 44. Kd5 f5 45. Kd4 Ke6 46.
h3 Kd7 47. g4 Ke6 48. g5 Kd7 49. Kd5 Kc7 50. Kd4 Kc6 51. Kc4 d5+ 0-1

[Event "18. Obert Int. Sant Marti 2016 - B"]
[Site "Barcelona ESP"]
[Date "2016.07.20"]
[Round "8.16"]
[White "Garcia Clemente, Julian Fco."]
[Black "Lleyda Naval, Justo"]
[Result "0-1"]
[WhiteElo "1910"]
[BlackElo "1818"]
[PlyCount "140"]
[EventDate "2016.07.13"]
[EventType "swiss"]
[EventRounds "9"]
[EventCountry "ESP"]
[SourceTitle "Ajedrez en Madrid"]
[Source "lmi"]
[SourceDate "2016.07.13"]
[SourceVersion "1"]
[SourceVersionDate "2019.06.21"]
[SourceQuality "1"]

1. d4 d6 2. Nf3 g6 3. c4 Bg7 4. Nc3 Nf6 5. e4 O-O 6. Be2 c5 7. d5 Nbd7 8. h3
Nb6 9. O-O Bd7 10. Be3 Qc8 11. Kh2 h6 12. Ng1 e5 13. f4 Ne8 14. Nf3 f6 15. fxe5
fxe5 16. Qd2 Kh7 17. Qe1 Qd8 18. a4 a5 19. Nb5 Bxb5 20. axb5 Nd7 21. Qg3 Nef6
22. Qh4 Nh5 23. Ng5+ hxg5 24. Bxg5 Bf6 25. Bxf6 Rxf6 26. g4 Rxf1 27. Qxd8 Rf2+
28. Kg1 Rg2+ 29. Kxg2 Nf4+ 30. Kf3 Rxd8 31. Rxa5 Nxh3 32. Bd1 g5 33. Ra7 b6 34.
Rc7 Nf4 35. Rc6 Ng6 36. Rxd6 Rf8+ 37. Ke3 Rf7 38. b4 cxb4 39. c5 bxc5 40. b6
Ngf8 41. b7 Kg7 42. Rc6 Nb8 43. Rxc5 Rxb7 44. d6 Nbd7 45. Rc7 Rb6 46. Bb3 Rxd6
47. Rb7 Rb6 48. Rc7 Kf6 49. Kd3 Ke7 50. Rc8 Kd6 51. Re8 Rc6 52. Kd2 Rc3 53. Bd5
Rg3 54. Rc8 Rxg4 55. Rc6+ Ke7 56. Rc4 b3 57. Kc3 Rg3+ 58. Kb2 Nb6 59. Rc7+ Nfd7
60. Bxb3 Kd6 61. Rc2 Rg1 62. Rd2+ Ke7 63. Rf2 g4 64. Rf7+ Kd6 65. Rg7 g3 66.
Rg6+ Kc5 67. Rg7 Kd4 68. Bd5 g2 69. Bc6 Nc4+ 70. Ka2 Nc5 0-1

[Event "18. Obert Int. Sant Marti 2016 - B"]
[Site "Barcelona ESP"]
[Date "2016.07.20"]
[Round "8.17"]
[White "Molina Hernandez, Albert"]
[Black "Brunet Gil, Pol"]
[Result "1/2-1/2"]
[WhiteElo "1908"]
[BlackElo "1524"]
[PlyCount "45"]
[EventDate "2016.07.13"]
[EventType "swiss"]
[EventRounds "9"]
[EventCountry "ESP"]
[SourceTitle "Ajedrez en Madrid"]
[Source "lmi"]
[SourceDate "2016.07.13"]
[SourceVersion "1"]
[SourceVersionDate "2019.06.21"]
[SourceQuality "1"]

1. Nf3 d5 2. d4 Nf6 3. c4 c6 4. e3 Bf5 5. Nc3 e6 6. Be2 Nbd7 7. cxd5 exd5 8.
O-O Bd6 9. a4 a5 10. Nh4 Bg6 11. f4 Be4 12. Nxe4 Nxe4 13. Nf5 O-O 14. Bd3 Ndf6
15. Bd2 Bc7 16. Be1 Nd6 17. Bh4 Nxf5 18. Bxf5 Qd6 19. Rf3 Rfe8 20. Rg3 Bd8 21.
Rh3 g6 22. Bd3 Ne4 23. Bxe4 1/2-1/2

[Event "18. Obert Int. Sant Marti 2016 - B"]
[Site "Barcelona ESP"]
[Date "2016.07.20"]
[Round "8.18"]
[White "Pallares Gurrea, Aitor Alexander"]
[Black "Garcia Ruiz, Adrian"]
[Result "1-0"]
[WhiteElo "1752"]
[BlackElo "1884"]
[PlyCount "117"]
[EventDate "2016.07.13"]
[EventType "swiss"]
[EventRounds "9"]
[EventCountry "ESP"]
[SourceTitle "Ajedrez en Madrid"]
[Source "lmi"]
[SourceDate "2016.07.13"]
[SourceVersion "1"]
[SourceVersionDate "2019.06.21"]
[SourceQuality "1"]

1. Nf3 Nf6 2. g3 c5 3. Bg2 Nc6 4. O-O d5 5. d4 e6 6. c3 cxd4 7. cxd4 Be7 8. Nc3
O-O 9. Bf4 Bd7 10. Re1 Rc8 11. Nb5 Be8 12. Rc1 a6 13. Nc3 Nb8 14. Ne5 Nbd7 15.
Nd3 Nh5 16. Bd2 Nhf6 17. Bf4 Nh5 18. Bd2 Nhf6 19. Bf4 Nb6 20. Ne5 Nc4 21. Nxc4
Rxc4 22. Qd3 b5 23. Nb1 Bd6 24. Bxd6 Qxd6 25. Nd2 Rc7 26. Rc2 Bd7 27. Rec1 Rfc8
28. Nb3 Rxc2 29. Rxc2 Rc4 30. Nd2 Rxc2 31. Qxc2 Qc6 32. Qxc6 Bxc6 33. b4 Kf8
34. Nb3 Nd7 35. Nc5 Nxc5 36. dxc5 Ke7 37. Kf1 Kf6 38. e3 h6 39. Ke2 Ke7 40. Kd3
e5 41. Bh3 Bb7 42. f4 f6 43. Bg2 Ke6 44. Bh3+ Ke7 45. Bf5 Kd8 46. h4 Ke7 47.
Ke2 Kf8 48. Kf3 Ke7 49. g4 Kd8 50. g5 Ke7 51. Kg4 hxg5 52. hxg5 Kf7 53. Kf3 g6
54. Bd7 Ke7 55. c6 Ba8 56. gxf6+ Kd6 57. f7 Ke7 58. c7 d4+ 59. Ke2 1-0

[Event "18. Obert Int. Sant Marti 2016 - B"]
[Site "Barcelona ESP"]
[Date "2016.07.20"]
[Round "8.19"]
[White "Martos Amiguet, Valentina"]
[Black "Flores Mendoza, Jose Antonio"]
[Result "0-1"]
[WhiteElo "1312"]
[BlackElo "1877"]
[PlyCount "122"]
[EventDate "2016.07.13"]
[EventType "swiss"]
[EventRounds "9"]
[EventCountry "ESP"]
[SourceTitle "Ajedrez en Madrid"]
[Source "lmi"]
[SourceDate "2016.07.13"]
[SourceVersion "1"]
[SourceVersionDate "2019.06.21"]
[SourceQuality "1"]

1. e4 e6 2. d4 d5 3. e5 c5 4. c3 Nc6 5. Nf3 Bd7 6. Bd3 Qb6 7. O-O cxd4 8. cxd4
Nxd4 9. Nbd2 Nxf3+ 10. Nxf3 Rc8 11. Be3 Bc5 12. Bxc5 Rxc5 13. b4 Rc7 14. Rb1
Bb5 15. Bxb5+ Qxb5 16. Re1 Ne7 17. h3 O-O 18. Nd4 Qd7 19. Qe2 Rc4 20. Qe3 Rfc8
21. Qd2 a6 22. Red1 Nc6 23. Nf3 Qc7 24. Rdc1 Nxe5 25. Rxc4 Nxf3+ 26. gxf3 Qxc4
27. Re1 Qc3 28. Qxc3 Rxc3 29. Kg2 Kf8 30. Kg3 Ke7 31. Re3 Rc4 32. a3 Kd6 33.
Kg2 f5 34. Kf1 d4 35. Rd3 Kd5 36. Ke1 e5 37. Kd1 g5 38. Ke2 Rc2+ 39. Ke1 Kc4
40. Rd2 Rxd2 41. Kxd2 Kb3 42. Kd3 b5 43. Kd2 Kxa3 44. Kc2 Kxb4 45. Kd3 a5 46.
Kc2 a4 47. Kb2 d3 48. Kc1 Kc3 49. Kb1 d2 50. Ka2 b4 51. Kb1 b3 52. Ka1 h5 53.
Kb1 e4 54. Ka1 exf3 55. Kb1 a3 56. Ka1 Kd3 57. Kb1 Ke2 58. Ka1 Kxf2 59. Kb1 Kg3
60. Ka1 Kxh3 61. Kb1 d1=Q# 0-1

[Event "18. Obert Int. Sant Marti 2016 - B"]
[Site "Barcelona ESP"]
[Date "2016.07.20"]
[Round "8.20"]
[White "Roche Peris, Eduard"]
[Black "Martin Vilanova, Jordi"]
[Result "0-1"]
[WhiteElo "1798"]
[BlackElo "1919"]
[PlyCount "106"]
[EventDate "2016.07.13"]
[EventType "swiss"]
[EventRounds "9"]
[EventCountry "ESP"]
[SourceTitle "Ajedrez en Madrid"]
[Source "lmi"]
[SourceDate "2016.07.13"]
[SourceVersion "1"]
[SourceVersionDate "2019.06.21"]
[SourceQuality "1"]

1. e4 c5 2. b4 cxb4 3. a3 bxa3 4. Nxa3 Nc6 5. d4 d5 6. e5 Bf5 7. Bd3 Bxd3 8.
Qxd3 e6 9. Nf3 f6 10. O-O fxe5 11. dxe5 Bc5 12. Nb5 a6 13. Bg5 Nge7 14. Nbd4
Bxd4 15. Nxd4 Nxd4 16. Qxd4 Nc6 17. Qh4 Qc7 18. Qg4 Qf7 19. f4 Nd4 20. f5 Nxf5
21. Qa4+ Qd7 22. Qxd7+ Kxd7 23. g4 h6 24. Bd2 Nd4 25. Rf7+ Kc6 26. Be3 Nb5 27.
Rxg7 Rag8 28. Bxh6 Rxg7 29. Bxg7 Rg8 30. Bf6 Rxg4+ 31. Kf2 Rc4 32. h4 Rxc2+ 33.
Kg3 Nd4 34. Kg4 Nf5 35. Kh5 d4 36. Kg6 d3 37. Rd1 Rg2+ 38. Kf7 d2 39. Bg5 Re2
40. Kxe6 Nd4+ 41. Kf6 Nf3 42. e6 Nxg5 43. hxg5 Kd6 44. e7 Rf2+ 45. Kg7 Kxe7 46.
g6 b5 47. Kg8 Rg2 48. g7 Kf6 49. Rf1+ Ke5 50. Rb1 Kd4 51. Kf7 Kc3 52. Ra1 Kb2
53. Rxa6 d1=Q 0-1

[Event "18. Obert Int. Sant Marti 2016 - B"]
[Site "Barcelona ESP"]
[Date "2016.07.20"]
[Round "8.21"]
[White "Olivas Montoya, Albert"]
[Black "Reixach Ministral, Eduard"]
[Result "1/2-1/2"]
[WhiteElo "1746"]
[BlackElo "1870"]
[PlyCount "40"]
[EventDate "2016.07.13"]
[EventType "swiss"]
[EventRounds "9"]
[EventCountry "ESP"]
[SourceTitle "Ajedrez en Madrid"]
[Source "lmi"]
[SourceDate "2016.07.13"]
[SourceVersion "1"]
[SourceVersionDate "2019.06.21"]
[SourceQuality "1"]

1. e4 c5 2. Nf3 d6 3. d4 cxd4 4. Nxd4 Nf6 5. Nc3 g6 6. Be3 Bg7 7. f3 O-O 8. Qd2
Nc6 9. O-O-O Bd7 10. Bc4 Qb8 11. h4 Rc8 12. Bb3 b5 13. h5 Ne5 14. Nd5 Nxd5 15.
Bxd5 Qc7 16. b3 Bc6 17. hxg6 hxg6 18. Bxc6 Nxc6 19. Nxb5 Qb7 20. c4 a5 1/2-1/2